Normal view
MARC view
- Judenne, Roger,
Entry Nombre Personal
001 - NUMERO DE CONTROL
- campo de control: 33689
003 - IDENTIFICADOR DE NUMERO DE CONTROL
- campo de control: UPN
005 - FECHA Y HORA DE LA ÜLTIMA TRANSACCIÓN
- campo de control: 20210219194445.0
008 - DATOS DE LONGITUD FIJA
- campo de control de longitud fija: nabaccnnaabn|||||||||| b |nc|||||d
035 ## - NUMERO DE CONTROL
- Número de control: UPN11000005796
040 ## - FUENTE DE CATALOGACIÓN
- Lenguaje de catalogación: SPA
- Agencia de transcripción: UPN
100 1# - ENCABEZAMIENTO - NOMBRE PERSONAL
- Nombre personal: Judenne, Roger,
- Fechas asociadas con el nombre: 1948-
670 ## - FUENTE EN LA QUE SE LOCALIZARON DATOS
- Uniform Resource Identifier: http://litterature.jeunesse.over-blog.com/article-36966444.html
680 ## - NOTA PUBLICA DE ACCESO PÚBLICO
- Frase explicativa de la referencia: Escritor y director de escuela
902 ## - CATALOGADOR
- Catalogador: EMR/110613
